Central Library OPAC University of Rajshahi

Microbial lectins and agglutinins : (Record no. 69180)

MARC details
000 -LEADER
fixed length control field 00937nam a2200289 a 4500
001 - CONTROL NUMBER
control field 69180
003 - CONTROL NUMBER IDENTIFIER
rucl marc code BD-RjUL
005 - DATE AND TIME OF LATEST TRANSACTION
control field 20211209081846.0
008 - FIXED-LENGTH DATA ELEMENTS--GENERAL INFORMATION
fixed length control field 170410s1986 nyua b 001 0 eng
020 ## - INTERNATIONAL STANDARD BOOK NUMBER
International Standard Book Number 0471878588
035 ## - SYSTEM CONTROL NUMBER
System control number (BD-RjUL)69391
040 ## - CATALOGING SOURCE
Original cataloging agency DLC
Transcribing agency DLC
Modifying agency BD-RjUL
Language of cataloging eng
041 ## - LANGUAGE CODE
Language code of text/sound track or separate title eng
082 00 - DEWEY DECIMAL CLASSIFICATION NUMBER
Classification number 572.7
Edition number 23
Author mark and year CAL 1986
245 00 - TITLE STATEMENT
Title Microbial lectins and agglutinins :
Remainder of title properties and biological activity /
Statement of responsibility, etc. edited by David Mirelman.
260 ## - PUBLICATION, DISTRIBUTION, ETC. (IMPRINT)
Place of publication, distribution, etc. New York :
Name of publisher, distributor, etc. Wiley,
Date of publication, distribution, etc. 1986.
300 ## - PHYSICAL DESCRIPTION
Pagination xv, 443 p. :
Illustrations ill. ;
Size 24 cm.
490 ## - SERIES STATEMENT
Series statement Wiley series in ecological and applied microbiology
500 ## - GENERAL NOTE
General note "A Wiley-Interscience publication."
504 ## - BIBLIOGRAPHY, ETC. NOTE
Bibliography, etc Includes bibliographies and index.
650 #0 - SUBJECT ADDED ENTRY--TOPICAL TERM
Topical term or geographic name as entry element Lectins.
9 (RLIN) 204966
Topical term or geographic name as entry element Enzymes
9 (RLIN) 204967
Topical term or geographic name as entry element Hemagglutinin.
9 (RLIN) 204968
General subdivision Agglutinins.
Topical term or geographic name as entry element Microbial proteins.
9 (RLIN) 204969
700 1# - ADDED ENTRY--PERSONAL NAME
Personal name Mirelman, David,
Dates associated with a name 1938-
942 ## - ADDED ENTRY ELEMENTS (KOHA)
Source of classification or shelving scheme Dewey Decimal Classification
Koha item type Books
Holdings
Lost status Source of classification or shelving scheme Damaged status Not for loan Collection code Permanent Location Current Location Shelving location Date acquired Source of acquisition Total Checkouts Full call number Date last seen Copy number Koha item type
  Dewey Decimal Classification   Not For Loan Non-fiction Central Library, University of Rajshahi Central Library, University of Rajshahi Reading Room 29/10/1989 Asia Foundation   572.7 CAL 1986 10/04/2017 C-1 Books